000 00475 a2200157 4500
005 20260417130313.0
008 260317b |||||||| |||| 00| 0 eng d
020 _a9789354326547
080 _a89M-94
_bRAJ/N
100 _a Rajasekharan Nair, K
245 _aNjan enna bhavam(ഞാൻ എന്ന ഭാവം)
260 _bD C books.
_aKottayam.
_c2025.
300 _a564p.
653 _aMemories-Dr.K. Rajasekharan Nair-Neurologist-Malayalam literature
942 _cBK
999 _c115344
_d115343